000 01852nam a2200409 c 4500
003 BLK
005 20250509113520.0
008 180408b bul|||||r ||||||| ||bul||
010 _aKNG00087694000
020 _a978-954-26-0711-3
_bиздат.: Хермес
040 _aBLK
041 _aBUL
_cBUL
080 _aОтбягване. Неприятелство. Агресия. Насилие
_b316.647.3
_x-053.2(075.8)
_z316.647.3-053.2(075.8)
080 _aПсихология на детската възраст. Интелектуално развитие на децата. Психически особености. Детски представи, описани в разкази
_b159.922.7
_x(075.8)
_z159.922.7(075.8)
100 1 _aСтаматов, Румен Иванов
_eпърви автор
_9364100
139 _aСтаматов, Румен Иванов
_bС 64
245 1 0 _aДетската агресия
_bУниверситетски учебник
_cРумен Иванов Стаматов.
257 _aBGR
260 Пловдив
_bХермес
_c2008
_fХасково : Полиграфюг
300 _a447 с.
_bсъс сх.
_c20 см
380 _a3
500 _aБиблиогр. с. 407-446.
504 _a407-446.
650 4 _aАгресия - при децата
_9259475
650 4 _aДевиантно поведение
_9284247
650 4 _aДетска и педагогическа психология
_9244538
653 _aагресия
653 _aдевиантно поведение
653 _aдеца в риск
653 _aучебници за ВУЗ
852 _aЦб 242730
856 4 _qpdf
_u
856 4 _qpdf
_u
942 _cKNG
_n0
_019
944 _aCR
_c06.02.2009
_lЦветомила Тодорова
_k30576
944 _aED
_c23.09.2009
_lф /
_k
999 _c83151
_d83151